[Event "Sautron op 16th"]
[Site "Sautron"]
[Date "2016.10.28"]
[Round "8.31"]
[White "Fretel, Didier"]
[Black "Boitel, Leo"]
[Result "0-1"]
[WhiteElo "1697"]
[BlackElo "2046"]
[PlyCount "50"]
[EventDate "2016.10.22"]
[EventType "swiss"]
[EventRounds "9"]
[EventCountry "FRA"]
[SourceTitle "EXT 2019"]
[Source "ChessBase"]
[SourceDate "2018.10.10"]
[SourceVersion "1"]
[SourceVersionDate "2018.10.10"]
[SourceQuality "1"]

1. d4 d5 2. c4 dxc4 3. e4 b5 4. a4 c6 5. b3 e5 6. bxc4 Bb4+ 7. Bd2 Qxd4 8. Bxb4 Qxa1 9. Bc3 Qxa4 10. Qd6 Be6 11. Nf3 Nd7 12. Qxc6 Rd8 13. Nxe5 Ne7 14. Qxb5 Qxb5 15. cxb5 Nxe5 16. Bxe5 0-0 17. Be2 Nc8 18. 0-0 Nd6 19. f3 Nc4 20. Bf4 f5 21. Bg5 Rb8 22. Nc3 fxe4 23. fxe4 Rxf1+ 24. Kxf1 h6 25. Bf4 Rf8 0-1

[Event "Sautron op 16th"]
[Site "Sautron"]
[Date "2016.10.22"]
[Round "3.28"]
[White "Boitel, Leo"]
[Black "Mallet, Gregoire"]
[Result "1-0"]
[WhiteElo "2046"]
[BlackElo "1676"]
[PlyCount "41"]
[EventDate "2016.10.22"]
[EventType "swiss"]
[EventRounds "9"]
[EventCountry "FRA"]
[SourceTitle "EXT 2019"]
[Source "ChessBase"]
[SourceDate "2018.10.10"]
[SourceVersion "1"]
[SourceVersionDate "2018.10.10"]
[SourceQuality "1"]

1. d4 d5 2. Nf3 c5 3. dxc5 Qa5+ 4. Qd2 Qxc5 5. b4 Qd6 6. Bb2 e6 7. a3 Nf6 8. e3 Be7 9. c4 0-0 10. Nc3 a6 11. cxd5 exd5 12. Be2 Nc6 13. 0-0 Be6 14. Rfd1 Rfd8 15. Qc2 Qc7 16. Na4 Rac8 17. Rac1 Qb8 18. Qb1 Bg4 19. Nb6 Rc7 20. Bxf6 Bxf6 21. Nxd5 1-0

[Event "Sautron op 16th"]
[Site "Sautron"]
[Date "2016.10.22"]
[Round "7.26"]
[White "Boitel, Leo"]
[Black "Renard, Emmanuel"]
[Result "1/2-1/2"]
[WhiteElo "2046"]
[BlackElo "1760"]
[PlyCount "48"]
[EventDate "2016.10.22"]
[EventType "swiss"]
[EventRounds "9"]
[EventCountry "FRA"]
[SourceTitle "EXT 2019"]
[Source "ChessBase"]
[SourceDate "2018.10.10"]
[SourceVersion "1"]
[SourceVersionDate "2018.10.10"]
[SourceQuality "1"]

1. d4 Nf6 2. Nf3 g6 3. g3 Bg7 4. Bg2 0-0 5. 0-0 d6 6. c4 c6 7. Nc3 Nbd7 8. e4 e5 9. b3 Nh5 10. Ba3 exd4 11. Nxd4 c5 12. Nde2 Qe7 13. Nd5 Qd8 14. Nec3 Nhf6 15. Rb1 Nb6 16. Bb2 Nfxd5 17. Nxd5 Bd7 18. Nxb6 Qxb6 19. Bxg7 Kxg7 20. e5 Bf5 21. Rb2 dxe5 22. Qd5 e4 23. Bxe4 Bxe4 24. Qxe4 Rfe8 1/2-1/2

[Event "Glorney Cup"]
[Site "Daventry"]
[Date "2016.07.19"]
[Round "5.4"]
[White "D Costa, Leston"]
[Black "Boitel, Leo"]
[Result "0-1"]
[WhiteElo "1557"]
[BlackElo "1995"]
[PlyCount "90"]
[EventDate "2016.07.17"]
[EventType "team-tourn"]
[EventRounds "5"]
[EventCountry "ENG"]
[SourceTitle "CBM 173 Extra"]
[Source "ChessBase"]
[SourceDate "2016.08.29"]
[SourceVersion "1"]
[SourceVersionDate "2016.08.29"]
[SourceQuality "1"]
[WhiteTeam "Scotland"]
[BlackTeam "France"]
[WhiteTeamCountry "SCO"]
[BlackTeamCountry "FRA"]

1. e4 c5 2. Nc3 g6 3. f4 Bg7 4. Nf3 Nc6 5. Bb5 Nd4 6. 0-0 Nxb5 7. Nxb5 d5 8. exd5 a6 9. Nc3 Nf6 10. d4 c4 11. Ne5 Nxd5 12. Qf3 Nb4 13. Qf2 Bf5 14. Bd2 Nxc2 15. Rad1 Bd3 16. Be3 Nxe3 17. Qxe3 Bxf1 18. Rxf1 0-0 19. f5 e6 20. fxg6 fxg6 21. Nf3 Qb6 22. Na4 Qd6 23. Nc5 Rxf3 24. Qxf3 Bxd4+ 25. Kh1 Qxc5 26. Qf7+ Kh8 27. Qxe6 Rf8 28. Rxf8+ Qxf8 29. Qxc4 Qf2 30. Qc8+ Kg7 31. Qc7+ Kh6 32. Qc1+ Qe3 33. Qxe3+ Bxe3 34. g3 Kg5 35. Kg2 Kf5 36. Kf3 Bd4 37. b3 h5 38. h3 Ke5 39. g4 h4 40. Kg2 Ke4 41. Kh2 Kf3 42. a3 b5 43. a4 b4 44. a5 Be5+ 45. Kh1 Kg3 0-1

[Event "Rotterdam Basamro blitz op "]
[Site "Rotterdam"]
[Date "2015.10.24"]
[Round "7"]
[White "Boitel, Leo"]
[Black "Wang, Susie"]
[Result "1-0"]
[WhiteElo "2067"]
[BlackElo "1600"]
[PlyCount "101"]
[EventDate "2015.10.24"]
[EventType "swiss (blitz)"]
[EventRounds "8"]
[EventCountry "NED"]
[SourceTitle "EXT 2018"]
[Source "ChessBase"]
[SourceDate "2017.10.13"]
[SourceVersion "1"]
[SourceVersionDate "2017.10.13"]
[SourceQuality "1"]

1. c4 e5 2. g3 Nc6 3. Bg2 Nf6 4. Nc3 Bc5 5. e3 d6 6. Nge2 0-0 7. d4 exd4 8. exd4 Bb6 9. 0-0 Re8 10. Bg5 Bf5 11. Nd5 Re6 12. Bxf6 gxf6 13. Nxb6 axb6 14. d5 Re8 15. dxc6 Rb8 16. Nd4 Be6 17. cxb7 Bxc4 18. Re1 Ba6 19. Nc6 Qd7 20. Rxe8+ Rxe8 21. b8Q Rxb8 22. Nxb8 Qc8 23. Nxa6 Qxa6 24. Qg4+ Kf8 25. Re1 Qa5 26. Qe4 Qb5 27. Qe7+ Kg7 28. Re4 Qf5 29. h3 h5 30. Kh2 d5 31. Rf4 Qg6 32. Bxd5 c5 33. Bxf7 Qxf7 34. Qxf7+ Kxf7 35. a4 Ke6 36. Re4+ Kf5 37. f3 Kg6 38. g4 hxg4 39. hxg4 Kg5 40. Re6 f5 41. Re5 Kf4 42. Rxf5+ Ke3 43. g5 Kd4 44. g6 c4 45. g7 c3 46. bxc3+ Kxc3 47. g8Q Kb4 48. Qd5 Kxa4 49. Qb5+ Ka3 50. Rf8 Ka2 51. Ra8# 1-0

[Event "Rotterdam Basamro blitz op "]
[Site "Rotterdam"]
[Date "2015.10.24"]
[Round "8"]
[White "Davis, Holden"]
[Black "Boitel, Leo"]
[Result "1-0"]
[WhiteElo "1720"]
[BlackElo "2067"]
[PlyCount "85"]
[EventDate "2015.10.24"]
[EventType "swiss (blitz)"]
[EventRounds "8"]
[EventCountry "NED"]
[SourceTitle "EXT 2018"]
[Source "ChessBase"]
[SourceDate "2017.10.13"]
[SourceVersion "1"]
[SourceVersionDate "2017.10.13"]
[SourceQuality "1"]

1. e4 d6 2. Bc4 Nf6 3. Nc3 g6 4. d4 Bg7 5. Be3 0-0 6. Nge2 Nc6 7. Qd2 Ng4 8. f3 Nxe3 9. Qxe3 Bd7 10. h4 e5 11. d5 Nd4 12. 0-0-0 b5 13. Bb3 a5 14. a4 b4 15. Nb1 Nxb3+ 16. Qxb3 c5 17. Nd2 f5 18. h5 f4 19. hxg6 hxg6 20. g3 Qe8 21. gxf4 Bxa4 22. Qe3 exf4 23. Nxf4 Bxb2+ 24. Kxb2 Qe5+ 25. Kb1 Rxf4 26. Nc4 Qf6 27. Rh3 Rb8 28. Rdh1 Rf8 29. Rh8+ Kf7 30. R1h7+ Ke8 31. Rxf8+ Qxf8 32. Qg1 Qf6 33. Qh2 Rxf3 34. Rh8+ Ke7 35. Qh7+ Qf7 36. Qxf7+ Kxf7 37. Nxd6+ Kg7 38. Rc8 Rc3 39. e5 Bxc2+ 40. Kb2 a4 41. e6 a3+ 42. Ka1 Bb3 43. Rc7+ 1-0

[Event "FRA-chT U20 1112"]
[Site "France"]
[Date "2011.12.18"]
[Round "5"]
[White "Lavault, Samuel"]
[Black "Boitel, Leo"]
[Result "0-1"]
[WhiteElo "1510"]
[BlackElo "1490"]
[PlyCount "116"]
[EventDate "2011.12.03"]
[EventType "team-swiss"]
[EventRounds "7"]
[EventCountry "FRA"]
[SourceTitle "EXT 2013"]
[Source "ChessBase"]
[SourceDate "2012.11.22"]
[SourceVersion "1"]
[SourceVersionDate "2012.11.22"]
[SourceQuality "1"]

1. e4 c5 2. Nf3 Nc6 3. d4 cxd4 4. Nxd4 g6 5. Nc3 Bg7 6. Be3 Nf6 7. Bc4 0-0 8. Qd2 Ng4 9. Nde2 Nxe3 10. Qxe3 Qb6 11. Qxb6 axb6 12. a3 d6 13. h3 Bd7 14. Rd1 Ne5 15. Bb3 b5 16. Nd5 Nc6 17. Nec3 Be5 18. 0-0 Rad8 19. Rb1 e6 20. Ne3 b4 21. axb4 Nxb4 22. Nc4 Nc6 23. Rfd1 Nd4 24. Nxd6 Nxb3 25. cxb3 Bc6 26. Nc4 Bxc3 27. Rxd8 Rxd8 28. bxc3 Bxe4 29. Re1 Bd5 30. Rd1 Rc8 31. Rd4 b5 32. Nd6 Rxc3 33. Nxb5 Rxb3 34. Nc7 Bb7 35. Rd8+ Kg7 36. Ne8+ Kf8 37. Rb8 Ke7 38. Kh2 Bd5 39. Rxb3 Bxb3 40. Nc7 Bc4 41. Kg3 Kd7 42. Na8 Kc6 43. Kg4 Kb7 44. Kg5 Bd5 45. g3 h5 46. Kf6 e5 47. Kxe5 Be6 48. Kf6 Kxa8 49. g4 hxg4 50. hxg4 Kb7 51. f4 Bxg4 52. Kxf7 Bf5 53. Kf6 Kc6 54. Kg5 Kc5 55. Kh4 Kd4 56. Kg5 Ke3 57. Kh4 Kf3 58. Kg5 Kg3 0-1